000 00837nam a22002297a 4500
008 240605b mp ||||| |||| 00| 0 mon d
020 _a978-99973-1-669-1
035 _a8805
040 _aHE0623081
_bmon
_cMN-UlNLM
_dMN-UlNLM
_erda
041 _amon
042 _a18358
084 _2NNA
_a84(0)
_bВ.679
100 _aВоллиамс Д.
245 0 _aГангста эмээ
264 _aУБ.
_bМонсудар ХГ
_c2018
300 _a307х.
336 _2rdacontent
_atext
_btxt
337 _2rdamedia
_aunmediated
_bn
338 _2rdacarrier
_avolume
_bnc
650 _aАнх 2011 онд хэвлэгдэж, 2013 онд дэлгэцийн бүтээл болсон билээ. Эмээ, өвөөгөө үргэлжид хөгшин байсан мэтээр бодож тэднийгээ уйтг...
942 _2NNA
_cBK
999 _c880990
_d881047